Statistics for Figure out the Taylor Swift song - 1

Click here to take the quiz!

General Stats

  • This quiz has been taken 140 times
  • The average score is 299 of 412

Answer Stats

Lyric% Correct
I
100%
A
97%
You
97%
The
94%
Where
90%
Your
90%
An
89%
In
89%
Me
89%
When
89%
On
88%
That
87%
To
87%
And
85%
My
85%
Is
84%
It
83%
For
81%
Like
79%
Know
78%
I’m
77%
Were
77%
If
76%
Was
76%
Win
76%
Can
72%
Of
72%
Say
72%
Take
71%
They
71%
Night
70%
From
69%
Man
69%
One
69%
This
69%
Hand
68%
I’ll
68%
But
67%
Never
67%
Time
67%
Willow
67%
That's
66%
That’s
66%
Home
65%
There
65%
I’d
64%
Face
62%
Life
61%
Would’ve
61%
Look
60%
Than
60%
As
59%
Out
59%
Plans
59%
Right
59%
Wind
59%
Yeah
59%
Less
58%
More
58%
Water
58%
Begging
57%
Ship
57%
Wreck
57%
Again
56%
Back
56%
Follow
56%
Known
56%
Thing
56%
Come
55%
Every
55%
Bent
54%
Case
54%
Meet
54%
Stray
54%
Through
54%
Wherever
54%
Cut
53%
Open-shut
53%
Or
53%
Now
52%
Wait
52%
Dark
51%
Else
51%
Hollow
51%
Knife
51%
Rolled
51%
Lost
50%
Should’ve
50%
Surface
50%
After
49%
Cheat
49%
Gave
49%
Stronger
49%
Trend
49%
Anywhere
48%
Places
48%
Priceless
48%
Prize
48%
Rough
48%
Signal
48%
Wine
48%
Champion
47%
Feel
47%
Others
47%
90s
46%
Ring
46%
Scars
46%
Show
46%
Train
46%
Art
45%
Work
45%
Current
44%
Mythical
44%
Trophy
44%
Head
43%
Sneaking
42%
Hey
41%
Count
40%
Switch
40%
Bait
38%
Guess
38%
Pillow
35%

Score Distribution

Percentile by Number Answered

Percent of People with Each Score

Your Score History

You have not taken this quiz